On This Day: July 14th Quiz Stats

 Plays Quiz Updated Jul 14, 2017

Support Sporcle.
Go Orange.
Score 0/7 Timer 03:00
0 Plays Today
Question Answer Wrong Answers
The citizens of Paris storm this fortress. This event is later commemorated as France's National Celebration.
1789
Bastille
95%
Louvre
1.2%
Notre-Dame de Paris
1.7%
Arc de Triomphe
2.2%
This Irish mixed martial artist, the first MMA fighter to crack into the ‘Forbes’ top 100 highest-paid athletes list, is born.
1988
Conor McGregor
81.1%
José Aldo
3.7%
Jon Jones
3.7%
Michael Bisping
4.8%
This famous American West gunfighter and outlaw, also known as William H. Bonney, is killed by Pat Garrett outside Fort Sumner.
1881
Billy the Kid
73.2%
Jesse James
8.6%
Butch Cassidy
5.4%
Buffalo Bill
8.6%
This scientist arrives at the Gombe Stream Reserve in present-day Tanzania to begin her study of chimpanzees in the wild.
1960
Jane Goodall
71.4%
Dian Fossey
17.6%
Rosalind Franklin
2.9%
Sylvia Earle
1.9%
The ______ Act becomes law in the United States, making it a federal crime to write, publish, or utter false or malicious statements about the United States government.
1798
Sedition
65.4%
Insubordination
5.3%
Mutiny
2.7%
Treason
24.8%
A monument commemorating this botanist and inventor, who was known for his promotion of alternative crops to cotton, becomes the first US National Monument to honor an African American.
1943
George Washington Carver
62.5%
Garrett Morgan
4.2%
Booker T. Washington
19.1%
W. E. B. Du Bois
8.4%
The first ascent of this alpine mountain is made by Edward Whymper and his party.
1865
Matterhorn
55.1%
Mont Blanc
18%
K2
21.7%
Kangchenjunga
2%

You're not logged in!

Compare scores with friends on all Sporcle quizzes.
OR
Log In
Forgot?

From the Vault

TV Show Side Characters

by BigAl1994

You know a show is going to be great when the side characters are cool enough to have their own quiz.
Remove Ads.
Support Sporcle.
Get the best of Sporcle when you Go Orange. This ad-free experience offers more features, more stats, and more fun while also helping to support Sporcle. Thank you for becoming a member.

Show Comments

Extras

Top Quizzes Today


Score Distribution

Your Account Isn't Verified!

In order to create a playlist on Sporcle, you need to verify the email address you used during registration. Go to your Sporcle Settings to finish the process.

Report this User

Report this user for behavior that violates our Community Guidelines.

Details: